Classification internationale des troubles mentaux et des troubles du comportement

Salvato in:
Dettagli Bibliografici
Autore principale: OMS
Natura: Libro
Lingua:Undetermined
Pubblicazione: Genève 1980
Soggetti:
Tags: Aggiungi Tag
Nessun Tag, puoi essere il primo ad aggiungerne! !
Thư viện lưu trữ: Trung tâm Học liệu Trường Đại học Cần Thơ
LEADER 00495nam a2200169Ia 4500
001 CTU_6821
008 210402s9999 xx 000 0 und d
082 |a 616.8 
082 |b O.68 
100 |a OMS 
245 0 |a Classification internationale des troubles mentaux et des troubles du comportement 
245 0 |c OMS 
260 |a Genève 
260 |c 1980 
650 |a mental disorders 
904 |i Nguyễn Quang Điền, 960826 
980 |a Trung tâm Học liệu Trường Đại học Cần Thơ